Normal view
MARC view
- Russell, Nikki
Entry Corporate Name
001 - CONTROL NUMBER
- control field: 82072
003 - CONTROL NUMBER IDENTIFIER
- control field: NUST
005 - DATE AND TIME OF LATEST TRANSACTION
- control field: 20210902110103.0
008 - FIXED-LENGTH DATA ELEMENTS
- fixed length control field: 210902|| aca||aabn | a|a d
040 ## - CATALOGING SOURCE
- Original cataloging agency: NUST
- Transcribing agency: NUST
110 ## - HEADING--CORPORATE NAME
- Corporate name or jurisdiction name as entry element: Russell, Nikki
670 ## - SOURCE DATA FOUND
- Source citation: Work cat.: (NUST): Russell, Rachel Renee 81942, Dork Diaries Spectacular Superstar Welcome To Nikkis A Dork Able World, 2019.
